MCSE training guide : windows NT server 4 (Record no. 43906)

MARC details
000 -LEADER
fixed length control field 00317nam a2200121Ia 4500
082 ## - DEWEY DECIMAL CLASSIFICATION NUMBER
Classification number 681.31MCS
Item number CAS
100 ## - MAIN ENTRY--AUTHOR NAME
Personal name Casad, Joe
245 #0 - TITLE STATEMENT
Title MCSE training guide : windows NT server 4
260 ## - PUBLICATION, DISTRIBUTION, ETC. (IMPRINT)
Place of publication New Delhi
Name of publisher Techmedia
Year of publication 1997
700 ## - ADDED ENTRY--PERSONAL NAME
Personal name Dalton, Wayne
942 ## - ADDED ENTRY ELEMENTS (KOHA)
Koha item type Books
Holdings
Withdrawn status Lost status Damaged status Not for loan Home library Current library Date acquired Source of acquisition Cost, normal purchase price Full call number Accession Number Koha item type
        RRII Library RRII Library 16/12/2021 Gift 425.00 681.31MCS CAS G00655 Books